000 00596nam a2200133Ia 4500
008 170516s9999 xx 000 0 und d
245 _aPreoperative Evaluation with fMRI of Patients with Intracranial Gliomas, Ioannis Z. Kapsalakis, Eftychia Z. Kapsalaki, Efstathios D. Gotsis, Dimitrios Verganelakis, Panagiotis Toulas, Georgios Hadjigeorgiou, Indug Chung, Ioannis Fezoulidis, Alexandros Pap
260 _bRadiology Research and Practice
260 _c2012
300 _a:
650 _xRadiologic Technology
650 _xRadtech
856 _uhttps://www.hindawi.com/journals/rrp/contents/4/
999 _c332727
_d332727